000 00542nam a2200193 4500
003 SEACOMMC
005 20231013070035.0
008 231013b |||||||| |||| 00| 0 eng d
040 _aSEACOMMC
082 _a005.74
_bTEO
100 1 _aTeorey, Toby
245 1 _aDatabase modeling and design
_blogical design
_cToby Teorey, Sam Lightstone and Tom Nadeall
260 _aNew Delhi
_bElsevier
_c2006
650 _aComputer science
650 _aData in computer systems
700 1 _aLightstone, Sam
700 1 _aNadeall, Tom
942 _cBOOK
999 _c214
_d214